000 00317nam a2200121Ia 4500
005 20251222143252.0
008 251222s9999||||xx |||||||||||||| ||spa||
020 _a3-936238-11-1
082 _a943.088/M61
245 0 _aLa Actualidad de Alemania
264 _bMinisterio Federal de Relaciones Exteriores
942 _cLIB
999 _c14992
_d14992